00514nam a2200181Ia 450000500170000000800410001704000190005804100120007708200140008910000250010324500630012826000260019130000110021750400500022865000150027865100280029385000110032120240320143231.0131103s9999 xx 000 0 und d aLoreto College aEnglish a150 bWOO aWoodworth, Robert S. aContemporary Schools of Psychology cRobert S. Woodworth aLondonbMethuenc1963 a279p.  aIncludes bibliographical references and index aPsychology aEducational Psychology aLCBED